Contemporary ethics, (Record no. 9697)

MARC details
000 -LEADER
fixed length control field 00568nam a22001937a 4500
003 - CONTROL NUMBER IDENTIFIER
control field OSt
005 - DATE AND TIME OF LATEST TRANSACTION
control field 20260422062023.0
008 - FIXED-LENGTH DATA ELEMENTS--GENERAL INFORMATION
fixed length control field 260422b |||||||| |||| 00| 0 eng d
020 ## - INTERNATIONAL STANDARD BOOK NUMBER
International Standard Book Number 97108-5883-1
040 ## - CATALOGING SOURCE
Original cataloging agency DWC-Main Lib.
Transcribing agency OC
082 ## - DEWEY DECIMAL CLASSIFICATION NUMBER
Classification number Fil. 170 C889c 1995
100 ## - MAIN ENTRY--PERSONAL NAME
Personal name Cruz, Corazon L.
245 ## - TITLE STATEMENT
Title Contemporary ethics,
Remainder of title 3rd ed. /
Statement of responsibility, etc. Corazon L. Cruz
250 ## - EDITION STATEMENT
Edition statement 3rd ed.
260 ## - PUBLICATION, DISTRIBUTION, ETC.
Place of publication, distribution, etc. Philippines:
Name of publisher, distributor, etc. National book store,
Date of publication, distribution, etc. c1995.
300 ## - PHYSICAL DESCRIPTION
Extent vii 272 p. ;
Dimensions 22 cm.
500 ## - GENERAL NOTE
General note Include bibliography and index.
942 ## - ADDED ENTRY ELEMENTS (KOHA)
Source of classification or shelving scheme Dewey Decimal Classification
Koha item type Book-Filipiniana
Classification part Fil.
Suppress in OPAC No
952 ## - LOCATION AND ITEM INFORMATION (KOHA)
--
Holdings
Withdrawn status Lost status Source of classification or shelving scheme Damaged status Not for loan Home library Current library Shelving location Date acquired Total Checkouts Full call number Barcode Date last seen Copy number Price effective from Koha item type Uniform Resource Identifier
    Dewey Decimal Classification     College Library College Library Filipiniana 04/22/2026   Fil. 170 C889c 1995 CL39371 04/22/2026 c1 04/22/2026 BK - FIL